000 00832cam a2200217 a 4500
005 20161012120906.0
008 981028s1997 ck a r 00010 spa d
040 _ala
_cla
_dCO-BoIAVH
041 0 _aspa
044 _ack
090 _aFG-
_b0070
245 0 0 _aVamos a cultivar peces :
_btilapia nilótica ó mojarra plateada y cachama /
_cJaime Bairo Orrego Murillo ; fotos archivo Cornare ... [et al.].
260 _a[Santa Fe de Bogotá] :
_bCornare,
_c1997.
300 _a31 páginas :
_bilustraciones a color ;
_c21 x 16 cm.
650 2 6 _aPiscicultura
_zColombia
650 2 6 _aPeces de agua dulce
_zColombia
700 1 _aOrrego Murillo, Jaime Bairo.
700 1 _aIral Zapata, Gloria Offir
710 2 _aCorporación Autónoma Regional Rionegro - Nare. Cornare
942 _2z
_cFolleto
999 _c1469
_d1469